Gestin̤ de conflictos

Detalles Bibliográficos
Autor principal: Jimňez Bautista, Francisco
Otros Autores: Zambrano, Roberto Beltrǹ, Moreira Aguirre, Diana Gabriela
Formato: eBook
Lenguaje:español
Publicado: Madrid: Dykinson, 2019
Materias:
Acceso en línea:Acceso restringido

MARC

LEADER 00000nam a22000007a 4500
005 20190823121321.0
007 cr|||| ||||
008 190823s2019 es |||||s|||| 00||0 spa d
020 |a 978-84-1324-245-3 
035 |a 24707 
040 |a vLex 
090 |c 9262  |d 9262 
100 1 |a Jimňez Bautista, Francisco 
245 1 0 |a Gestin̤ de conflictos  |h [Recurso electrn̤ico] /  |c Francisco Jimňez Bautista, Roberto Beltrǹ Zambrano, Diana Gabriela Moreira Aguirre 
256 |a Servicio en ln̕ea 
260 |a Madrid:  |b Dykinson,  |c 2019 
300 |a 1 recurso electrn̤ico 
500 |a El objetivo central de este libro es una aproximacin̤ al ±estado de la cuestin̤» sobre Teora̕ de conflictos y Estudios para la paz. Pretendemos exponer los debates ms̀ importantes en el campo inter y transdisciplinar y los desafo̕s actuales planteados sobre conflictos y paz. Nosotros partimos de que la violencia es negativa, la paz es positiva y el conflicto siempre es neutro. El libro Gestin̤ de conflictos se enmarca en las dinm̀icas de las transversalidades unidas a una Antropologa̕ de la neutralidad que nos ayuda a resolver, gestionar, transformar y neutralizar los conflictos, presentado como intereses, percepciones, valores y satisfacer necesidades bs̀icas dentro del ser humano. La participacin̤ de varios profesionales de la Investigacin̤ para la paz constituye un esfuerzo para visualizar los conflictos desde distintas perspectivas y formas de pensar los conflictos. 
506 1 |a Disponible solo en los productos indicados  |d vLex Global  |d vLex Global (Academic Edition, excluding Law Schools)  |d vLex Global (U.S. Academic Edition, Law Schools)  |d vLex Global (U.S. Academic Edition, excluding Law Schools)  |d vLex Global (Academic Edition, Law Schools) 
650 0 4 |a Derecho Constitucional  |z Espaą 
650 0 4 |a Derecho Internacional  |z Espaą 
650 0 4 |a Derecho Militar  |z Espaą 
700 1 |a Zambrano, Roberto Beltrǹ 
700 1 |a Moreira Aguirre, Diana Gabriela 
740 0 |a vLex Libros (Servicio en ln̕ea) 
856 4 0 |u http://vlex.com/source/gestion-de-conflictos-24707  |z Acceso restringido 
942 |c BOOK 
999 0 |a Constitutional Law 
999 0 |a International Law 
999 0 |a Military Law